000 00702cam a22002051 4500
001 289982
005 20250703174402.0
008 710622s1968 enk b 000 0 eng
020 _a0521095174
020 _a9780521095174
050 0 0 _aBS2615
_b.D57 1968
082 0 0 _a226/.5/066
100 1 _aDodd, C. H.
_q(Charles Harold),
_d1884-1973.
245 1 4 _aThe interpretation of the fourth Gospel,
_cby C. H. Dodd.
260 _aCambridge,
_bCambridge U.P.,
_c1968.
300 _axii, 478 p.
_c23 cm.
856 4 2 _3Publisher description
_uhttp://www.loc.gov/catdir/description/cam022/68105178.html
856 4 1 _3Table of contents
_uhttp://www.loc.gov/catdir/toc/cam028/68105178.html
942 _2lcc
_cBK
_n0
999 _c6846
_d6846